| 000 | 00689nam a2200205 i 4500 | ||
|---|---|---|---|
| 001 | bgj | ||
| 245 | 0 | 0 |
_aThe Prevention How-To Dictionary of Healing Remedies and Techniques : _bfrom acupressure and aspirin to yoga and yogurt over 350 curative options / _cby the editors of Prevention Magazine ; edited by John Feltman. |
| 260 |
_aEmmaus, Pa : _bRodale Press, _cc. 1992. |
||
| 300 |
_aXII, 499 pp : _bill. ; _c24 cm. |
||
| 650 | 9 | _aTherapeutics | |
| 655 | _aDictionaries | ||
| 700 | 1 |
_aFELTMAN, John. _eed. |
|
| 710 | p | 0 | _aPREVENTION |
| 020 | _a0875961142 | ||
| 040 | _cBPK | ||
| 041 | 0 | _aeng | |
| 920 | _a0-87596-114-2 | ||
| 942 | _cKS | ||
| 008 | s uk f |000 0 eng | ||
| 999 |
_c47584 _d47584 |
||
| 856 |
_uhttp://koha.tu.koszalin.pl/cgi-bin/koha/opac-detail.pl?biblionumber=47584 _yKatalog online BPK |
||